Cơ sở tín ngưỡng và lễ hội truyền thống ở Biên Hoà
Trình bày sơ lược về vùng đất và con người Biên Hoà. Giới thiệu các loại cơ sở tín ngưỡng như đình, đền, miếu, chùa và lễ hội của người Việt và của người Hoa ở Biên Hoà, Đồng Nai
Đã lưu trong:
| Tác giả chính: | |
|---|---|
| Định dạng: | Sách |
| Ngôn ngữ: | Vietnamese |
| Được phát hành: |
H.
Thời đại
2010
|
| Những chủ đề: | |
| Các nhãn: |
Thêm thẻ
Không có thẻ, Là người đầu tiên thẻ bản ghi này!
|
| Thư viện lưu trữ: | Mạng thư viện Đại học Đà Nẵng |
|---|
| LEADER | 01585nam a2200397 4500 | ||
|---|---|---|---|
| 001 | 000007098 | ||
| 003 | 3259 | ||
| 005 | 20111013151000.0 | ||
| 008 | 110926s2010 viesd | ||
| 020 | |c 000đ | ||
| 041 | 0 | |a vie | |
| 082 | |a 398.20959775 |b PH-D | ||
| 100 | 0 | |a Phan Đình Dũng | |
| 245 | 0 | |a Cơ sở tín ngưỡng và lễ hội truyền thống ở Biên Hoà |c Phan Đình Dũng | |
| 260 | |a H. |b Thời đại |c 2010 | ||
| 300 | |a 279 tr |b ảnh, bảng |c 21 cm | ||
| 500 | |a ĐTTS ghi: Hội Văn nghệ dân gian Việt Nam | ||
| 504 | |a Phụ lục: tr. 237-270. - Thư mục: tr. 271-277 | ||
| 520 | |a Trình bày sơ lược về vùng đất và con người Biên Hoà. Giới thiệu các loại cơ sở tín ngưỡng như đình, đền, miếu, chùa và lễ hội của người Việt và của người Hoa ở Biên Hoà, Đồng Nai | ||
| 653 | |a Văn hoá dân gian | ||
| 653 | |a Tín ngưỡng | ||
| 653 | |a Lễ hội cổ truyền | ||
| 653 | |a Biên Hoà | ||
| 653 | |a Đồng Nai | ||
| 700 | |a Phan Đình Dũng | ||
| 910 | |a Nguyễn Thị Kim Oanh |d 26/09/2011 | ||
| OWN | |a LSP | ||
| AVA | |a UDN50 |b LSP |d 398.20959775 PH-D |e available |t Error 5001 Not defined in file expand_doc_bib_avail. |f 1 |g 0 |h N |i 0 |k 1 | ||
| 999 | |a From the UDN01 | ||
| AVA | |a UDN50 |b LSP |d 398.20959775 PH-D |e available |t Error 5001 Not defined in file expand_doc_bib_avail. |f 1 |g 0 |h N |i 0 |k 1 | ||
| TYP | |a Monograph | ||
| TYP | |a Printed language | ||
| 980 | |a Mạng thư viện Đại học Đà Nẵng | ||